[Event "Elit(Orgryte-Farsta)"]
[Site "?"]
[Date "2008.12.06"]
[Round "4"]
[White "Frisk Kockum, Anton"]
[Black "Magnusson, Jorgen"]
[Result "0-1"]
[WhiteElo "2319"]
[BlackElo "2295"]
[PlyCount "112"]
[EventDate "2008.??.??"]

1. d4 f5 2. Bg5 h6 3. Bh4 g5 4. e4 Bg7 5. Bg3 fxe4 6. Be5 Nf6 7. h4 e6 8. hxg5
hxg5 9. Rxh8+ Bxh8 10. Nh3 d6 11. Bxf6 Bxf6 12. Nc3 d5 13. Qh5+ Kd7 14. O-O-O
c6 15. f3 exf3 16. gxf3 Kc7 17. f4 gxf4 18. Nxf4 Bg5 19. Nce2 Qf6 20. Qh2 e5
21. dxe5 Qxe5 22. Kb1 Bf6 23. Nd4 Bg4 24. Be2 Bxe2 25. Qxe2 Qxe2 26. Ndxe2 Nd7
27. c4 dxc4 28. Ne6+ Kc8 29. Ng3 Nb6 30. Ne4 Be7 31. Nd6+ Bxd6 32. Rxd6 Kb8 33.
Rd8+ Nc8 34. Kc2 a5 35. Kc3 b5 36. Kd4 Ra7 37. Kc5 Re7 38. Nd4 Kb7 39. Rxc8
Re5+ 40. Kd6 Rd5+ 41. Ke6 Kxc8 42. Nxc6 Rd2 43. Na7+ Kb7 44. Nxb5 Rxb2 45. Nd6+
Kc6 46. Nxc4 Re2+ 47. Kf5 Kb5 48. Nd6+ Kb4 49. Kf4 Rxa2 50. Ke3 Rc2 51. Kd3
Rc3+ 52. Kd2 a4 53. Ne4 Rc6 54. Nf2 a3 55. Nd3+ Kb3 56. Nc1+ Rxc1 0-1

[Event "Elit(Orgryte-Farsta)"]
[Site "?"]
[Date "2008.12.06"]
[Round "4"]
[White "Hjelm, Niclas"]
[Black "Arnelind, Mikael"]
[Result "1/2-1/2"]
[WhiteElo "2369"]
[BlackElo "2277"]
[PlyCount "38"]

1. e4 e6 2. d4 d5 3. Nd2 Nf6 4. e5 Nfd7 5. c3 c5 6. Bd3 Nc6 7. Ne2 cxd4 8. cxd4
f6 9. exf6 Nxf6 10. Nf3 Qc7 11. O-O Bd6 12. Bg5 O-O 13. Rc1 Bd7 14. Ng3 h6 15.
Bd2 Qb6 16. Bc3 Bf4 17. Bd2 Bd6 18. Bc3 Bf4 19. Bd2 Bd6 1/2-1/2

[Event "Elit(Orgryte-Farsta)"]
[Site "?"]
[Date "2008.12.06"]
[Round "4"]
[White "Hultin, Johan"]
[Black "Jaderberg, Bjorn"]
[Result "1/2-1/2"]
[WhiteElo "2298"]
[BlackElo "2226"]
[PlyCount "88"]

1. d4 Nf6 2. c4 e5 3. dxe5 Ng4 4. Bf4 g5 5. Bd2 Bg7 6. Nf3 Nxe5 7. Nxe5 Bxe5 8.
Bc3 Qf6 9. Bxe5 Qxe5 10. Nc3 d6 11. Qd5 Na6 12. h4 g4 13. g3 c6 14. Qd2 Be6 15.
e3 O-O-O 16. Qd4 Qxd4 17. exd4 Bf5 18. Kd2 Rhe8 19. Bd3 Bxd3 20. Kxd3 f5 21.
Rae1 Kd7 22. a3 Nc7 23. Rxe8 Rxe8 24. f3 gxf3 25. Rf1 Rg8 26. Rxf3 Ne6 27. Ne2
Rf8 28. b4 d5 29. c5 h5 30. Ke3 Ke7 31. Rf1 Kf6 32. a4 Re8 33. Kf3 Rg8 34. b5
Rg4 35. Ke3 Re4+ 36. Kd3 Rg4 37. bxc6 bxc6 38. Ke3 Re4+ 39. Kd3 Rg4 40. a5 f4
41. Nxf4 Nxf4+ 42. Rxf4+ Rxf4 43. gxf4 Kf5 44. Ke3 a6 1/2-1/2

[Event "Elit(Orgryte-Farsta)"]
[Site "?"]
[Date "2008.12.06"]
[Round "4"]
[White "Holm, Magnus"]
[Black "Virolainen, Victor"]
[Result "1-0"]
[WhiteElo "2209"]
[BlackElo "2222"]
[PlyCount "78"]

1. d4 d5 2. c4 Nc6 3. e3 e5 4. dxe5 d4 5. a3 a5 6. Nf3 Bc5 7. exd4 Nxd4 8. Be3
Bg4 9. Be2 Nxf3+ 10. gxf3 Qxd1+ 11. Bxd1 Bxe3 12. fxe3 Be6 13. Be2 Ne7 14. Nc3
g5 15. h4 Nf5 16. hxg5 Nxe3 17. Rc1 O-O-O 18. Kf2 Nxc4 19. Nb5 Nxe5 20. Nxc7
Kb8 21. Nxe6 fxe6 22. Rc5 Nc6 23. Rh6 Rd2 24. Ke3 Rxb2 25. g6 Rb3+ 26. Kf2 Rb2
27. Rxh7 Rg8 28. g7 Kc7 29. Rg5 Rd2 30. Rh8 Rdd8 31. Rxg8 Rxg8 32. Bd3 Ne7 33.
Bh7 Re8 34. g8=Q Nxg8 35. Rxg8 Re7 36. Bd3 Kd6 37. Rc8 Kd5 38. Ke3 e5 39. a4
Rh7 1-0

[Event "Elit(Orgryte-Farsta)"]
[Site "?"]
[Date "2008.12.06"]
[Round "4"]
[White "Forsberg, Jan-Olof"]
[Black "Hedin, Gunnar"]
[Result "1/2-1/2"]
[WhiteElo "2177"]
[BlackElo "2175"]
[PlyCount "38"]

1. d4 e6 2. Nf3 f5 3. g3 Nf6 4. Bg2 d5 5. O-O Bd6 6. c4 c6 7. Qc2 O-O 8. Nc3
Bd7 9. Rb1 Qe7 10. c5 Bc7 11. b4 Ne4 12. Bf4 Bxf4 13. gxf4 Be8 14. Ne5 Qh4 15.
e3 Rf6 16. Nf3 Qg4 17. Ne5 Qh4 18. Nf3 Qg4 19. Ne5 Qh4 1/2-1/2

[Event "Elit(Orgryte-Farsta)"]
[Site "?"]
[Date "2008.12.06"]
[Round "4"]
[White "Lindeman, Sven"]
[Black "Rolen, Magnus"]
[Result "1-0"]
[WhiteElo "2212"]
[BlackElo "2164"]
[PlyCount "75"]

1. e4 e5 2. Nf3 Qe7 3. Nc3 c6 4. d4 d6 5. h3 Nf6 6. a4 Nbd7 7. Be2 h6 8. O-O g5
9. dxe5 dxe5 10. Nh2 Nc5 11. Bf3 Ne6 12. b3 Qc7 13. Ng4 Nxg4 14. Bxg4 Bc5 15.
Ne2 Bd7 16. Qe1 h5 17. Bf5 g4 18. b4 gxh3 19. Bxh3 Be7 20. Be3 h4 21. Rd1 Rg8
22. Kh1 O-O-O 23. Ng1 Bg5 24. Nf3 Bf6 25. c3 Nf4 26. Rxd7 Rxd7 27. Bxf4 exf4
28. e5 Re8 29. Qe4 Bxe5 30. Rd1 Re6 31. Bxe6 fxe6 32. Rxd7 Qxd7 33. Qxe5 h3 34.
Qh8+ Kc7 35. Qe5+ Kc8 36. gxh3 Qd1+ 37. Kg2 Qxa4 38. Qxe6+ 1-0

[Event "Elit(Orgryte-Farsta)"]
[Site "?"]
[Date "2008.12.06"]
[Round "4"]
[White "Tibell, Ingemar"]
[Black "Lagerborg, Krister"]
[Result "1-0"]
[WhiteElo "2047"]
[BlackElo "2065"]
[PlyCount "27"]

1. e4 c5 2. Nf3 d6 3. c3 Nd7 4. d4 g6 5. Bc4 e6 6. O-O Bg7 7. Bf4 Qb6 8. dxc5
dxc5 9. Na3 a6 10. Bb3 Qc6 11. Nc4 h6 12. Re1 b5 13. Nd6+ Ke7 14. Bd5 1-0

[Event "Elit(Sollentuna-Kamraterna)"]
[Site "?"]
[Date "2008.12.06"]
[Round "4"]
[White "Akbarinia, Arash"]
[Black "Berg, Emanuel"]
[Result "0-1"]
[WhiteElo "2388"]
[BlackElo "2706"]
[PlyCount "80"]

1. d4 Nf6 2. c4 e6 3. Nf3 b6 4. g3 Ba6 5. b3 Bb4+ 6. Bd2 Be7 7. Bg2 c6 8. O-O
d5 9. Bf4 Nbd7 10. Nbd2 O-O 11. Re1 Bb7 12. Qc2 c5 13. dxc5 Bxc5 14. h3 Qe7 15.
cxd5 Nxd5 16. e4 Rac8 17. Qb1 Nb4 18. e5 Nc2 19. Rc1 Bxf3 20. Rxc2 Bxg2 21.
Kxg2 Bd4 22. Rxc8 Rxc8 23. Nc4 Qc5 24. Qd1 Qd5+ 25. Kh2 Bxa1 26. Qxa1 h6 27. h4
Nc5 28. Be3 Nd3 29. a4 Nc5 30. Bxc5 Rxc5 31. Qc3 Qe4 32. Qa1 Qf3 33. Qb2 b5 34.
axb5 Rxb5 35. Ne3 Qe4 36. Qa2 a5 37. Qd2 Rxb3 38. Qd8+ Kh7 39. Qxa5 Rb2 40. Qe1
Rb1 0-1

[Event "Elit(Sollentuna-Kamraterna)"]
[Site "?"]
[Date "2008.12.06"]
[Round "4"]
[White "Agrest, Evgenij"]
[Black "Svensson, Bengt"]
[Result "1-0"]
[WhiteElo "2683"]
[BlackElo "2496"]
[PlyCount "111"]

1. c4 c6 2. Nf3 d5 3. e3 Nf6 4. Qc2 e6 5. Nc3 Nbd7 6. d4 Bd6 7. g4 Bb4 8. Bd2
dxc4 9. g5 Nd5 10. Bxc4 Qe7 11. e4 Nxc3 12. bxc3 Ba5 13. e5 b6 14. Bd3 Bb7 15.
Be4 f5 16. exf6 gxf6 17. Qa4 Qd6 18. gxf6 Nxf6 19. Bd3 Qd5 20. Ke2 O-O-O 21.
Qb3 Qd6 22. Ne5 c5 23. Be3 Nd5 24. Rhc1 Nxe3 25. fxe3 Rhg8 26. Rg1 Kb8 27. Raf1
Qe7 28. Rf7 Qh4 29. Rxg8 Rxg8 30. Qxe6 Qxh2+ 31. Rf2 Qh5+ 32. Kd2 Re8 33. Qd6+
Ka8 34. Be2 Qh3 35. Bf3 Qc8 36. Bxb7+ Qxb7 37. Nc6 cxd4 38. exd4 Rc8 39. Rf8 a6
40. Rxc8+ Qxc8 41. Qd5 Bxc3+ 42. Kd3 Bb2 43. Ne7+ Qb7 44. Qd8+ Ka7 45. Nc8+ Ka8
46. Nxb6+ Ka7 47. Nc8+ Ka8 48. Nd6+ Qb8 49. Qd7 Qb4 50. Qe8+ Ka7 51. Qe7+ Ka8
52. Qf8+ Qb8 53. Qf3+ Ka7 54. Qf7+ Kb6 55. Nc4+ Kc6 56. Qe6+ 1-0

[Event "Elit(Sollentuna-Kamraterna)"]
[Site "?"]
[Date "2008.12.06"]
[Round "4"]
[White "Hamark, Jesper"]
[Black "Ernst, Thomas"]
[Result "1/2-1/2"]
[WhiteElo "2358"]
[BlackElo "2504"]
[PlyCount "90"]

1. d4 Nf6 2. c4 g6 3. Nc3 d5 4. Nf3 Bg7 5. e3 O-O 6. cxd5 Nxd5 7. Bc4 Nb6 8.
Bb3 c5 9. O-O cxd4 10. exd4 Nc6 11. d5 Na5 12. Bg5 Nxb3 13. axb3 Bg4 14. h3
Bxf3 15. Qxf3 Re8 16. Rad1 Nc8 17. Rfe1 Nd6 18. g4 Rc8 19. Re2 Rc7 20. Rde1 Rd7
21. Qe3 Nc8 22. Bh6 Nb6 23. Bxg7 Kxg7 24. Qd4+ Kg8 25. Rd1 Rd6 26. Red2 Qd7 27.
Qe5 Rd8 28. Rd3 f6 29. Qf4 Qe8 30. Qe3 Qf7 31. Qe4 R8d7 32. R1d2 Kg7 33. Rd1 f5
34. Qe5+ Qf6 35. f4 h6 36. Kf2 Kf7 37. Qxf6+ Kxf6 38. Ke3 Rd8 39. Rd4 R8d7 40.
R1d2 Rd8 41. Rd1 R6d7 42. R1d2 Kf7 43. Rd1 Kf6 44. R1d2 Kf7 45. Rd1 Kf6 1/2-1/2

[Event "Elit(Sollentuna-Kamraterna)"]
[Site "?"]
[Date "2008.12.06"]
[Round "4"]
[White "Poley, Vladimir"]
[Black "Svenn, Gosta"]
[Result "0-1"]
[WhiteElo "2478"]
[BlackElo "2369"]
[PlyCount "120"]

1. d4 d5 2. Nf3 Nf6 3. e3 g6 4. c4 c6 5. Nc3 Bg7 6. h3 O-O 7. Be2 Nbd7 8. cxd5
Nxd5 9. Nxd5 cxd5 10. Qb3 Nf6 11. O-O Ne4 12. Rd1 Qd6 13. Bd2 Bd7 14. Bb4 Qe6
15. Rac1 Bc6 16. Qa3 Rfe8 17. Qa5 f5 18. Ne1 Rf8 19. Qc7 Rf7 20. Nd3 Rc8 21.
Nf4 Rxc7 22. Nxe6 Rd7 23. f3 Ng3 24. Bd3 Bh6 25. Kh2 Nh5 26. g4 fxg4 27. hxg4
Bxe3 28. gxh5 Bxc1 29. Rxc1 Rxf3 30. Rf1 Rxf1 31. Bxf1 gxh5 32. Kg3 b6 33. Be2
Kf7 34. Bxh5+ Kxe6 35. Bg4+ Kf6 36. Bxd7 Bxd7 37. Kf4 Bb5 38. Be1 Bc4 39. a4
Bd3 40. a5 Bc2 41. axb6 axb6 42. Bh4+ Ke6 43. Be1 h5 44. Bh4 Kd6 45. Ke3 Bb1
46. Kd2 Kd7 47. Bg5 e5 48. dxe5 Ke6 49. Bf6 d4 50. Ke2 Be4 51. Kf2 Bf5 52. Kf3
Kd5 53. Kf4 Be6 54. Bh4 Kc4 55. Bf2 b5 56. Kg5 Bg4 57. Kf4 Be6 58. Kg5 d3 59.
Be1 Kb3 60. Kf6 Bc4 0-1

[Event "Elit(Sollentuna-Kamraterna)"]
[Site "?"]
[Date "2008.12.06"]
[Round "4"]
[White "Svenn, Matti"]
[Black "Sagit, Rauan"]
[Result "1/2-1/2"]
[WhiteElo "2238"]
[BlackElo "2404"]
[PlyCount "136"]

1. e4 c5 2. Nf3 d6 3. d4 cxd4 4. Nxd4 Nf6 5. Nc3 a6 6. h3 g6 7. g4 Bg7 8. g5
Nfd7 9. Be3 Nc6 10. Qd2 Nc5 11. Nxc6 bxc6 12. Bd4 Bxd4 13. Qxd4 e5 14. Qd2 h6
15. gxh6 g5 16. O-O-O Rxh6 17. h4 Bg4 18. Be2 Bxe2 19. Nxe2 Rxh4 20. Rxh4 gxh4
21. Qh6 Nxe4 22. Qh7 Nf6 23. Qxh4 Ke7 24. Ng3 Kd7 25. Nf5 Nd5 26. Qh6 Qf8 27.
Qxf8 Rxf8 28. c4 Nf4 29. Rxd6+ Kc7 30. Kd2 Ne6 31. Ke3 a5 32. Rd2 f6 33. f3 a4
34. Rh2 Kb6 35. Kd3 Ng5 36. Ke3 Kc5 37. f4 exf4+ 38. Kxf4 Re8 39. Ng3 Kxc4 40.
Rc2+ Kb5 41. Kf5 Nf3 42. Kxf6 Nd4 43. Rd2 c5 44. Kf7 Re1 45. Rh2 Kb4 46. Rh8
Re3 47. Rb8+ Kc4 48. Nh5 Rf3+ 49. Kg6 Nc6 50. Ra8 Kb5 51. Nf6 Rf2 52. b3 axb3
53. axb3 Rf3 54. Ne4 Rxb3 55. Nxc5 Kxc5 56. Ra1 Rf3 57. Rd1 Ne7+ 58. Kg5 Nd5
59. Kg6 Kd6 60. Kg7 Ke6 61. Re1+ Kf5 62. Re2 Rg3+ 63. Kf7 Nf4 64. Ra2 Nd3 65.
Ke7 Rg7+ 66. Kd6 Rg6+ 67. Ke7 Re6+ 68. Kd7 Ne5+ 1/2-1/2

[Event "Elit(Sollentuna-Kamraterna)"]
[Site "?"]
[Date "2008.12.06"]
[Round "4"]
[White "Bergstrom, Peter"]
[Black "Madebrink, Lars"]
[Result "1/2-1/2"]
[WhiteElo "2348"]
[BlackElo "2255"]
[PlyCount "55"]

1. e4 d5 2. exd5 Nf6 3. d4 Bg4 4. Nf3 Qxd5 5. Be2 e6 6. Be3 Be7 7. O-O O-O 8.
Nbd2 c6 9. h3 Bh5 10. Re1 Nbd7 11. c4 Qa5 12. a3 Qc7 13. b4 a5 14. Qb3 axb4 15.
axb4 e5 16. Rxa8 Rxa8 17. Nxe5 Nxe5 18. Bxh5 Nxh5 19. dxe5 Qxe5 20. Nf3 Qc7 21.
b5 Nf6 22. bxc6 bxc6 23. Rb1 Bd6 24. Bd4 Nd7 25. Qc3 Bf8 26. Qc2 h6 27. Rd1 Bc5
28. Bxc5 1/2-1/2

[Event "Elit(Sollentuna-Kamraterna)"]
[Site "?"]
[Date "2008.12.06"]
[Round "4"]
[White "Martensson, Ulf"]
[Black "Agrest, Inna"]
[Result "0-1"]
[WhiteElo "2160"]
[BlackElo "2396"]
[PlyCount "68"]

1. Nf3 Nf6 2. d4 g6 3. c4 Bg7 4. Nc3 O-O 5. e3 d6 6. Be2 Nbd7 7. b3 e5 8. Qc2
Re8 9. Bb2 c6 10. a4 Nf8 11. h3 Qa5 12. O-O-O a6 13. Ba3 c5 14. dxc5 dxc5 15.
Nd5 Nxd5 16. Rxd5 b5 17. Bxc5 Be6 18. Qd2 Qc7 19. Bd6 Qb7 20. Rc5 bxa4 21. bxa4
Rac8 22. Qa5 Nd7 23. Rxc8 Rxc8 24. Qb4 Qc6 25. Rd1 Bf6 26. Kd2 a5 27. Qa3 Bxc4
28. Rc1 Qd5+ 29. Ke1 Nb6 30. Rd1 Qe6 31. Bc5 Bxe2 32. Rd6 Qf5 33. Rxb6 Qc2 34.
Nd2 Qd1# 0-1

[Event "Elit(Sollentuna-Kamraterna)"]
[Site "?"]
[Date "2008.12.06"]
[Round "4"]
[White "Aperia, Jakob"]
[Black "Nyberg, Ulf"]
[Result "1/2-1/2"]
[WhiteElo "1982"]
[BlackElo "2204"]
[PlyCount "113"]

1. c4 e6 2. g3 d5 3. Bg2 c6 4. b3 b5 5. Nf3 Nf6 6. Bb2 bxc4 7. bxc4 Be7 8. O-O
O-O 9. Qc2 Ba6 10. d3 Nbd7 11. Nbd2 c5 12. e4 d4 13. h3 e5 14. Nb3 Bb7 15. Nh4
g6 16. Bc1 Nh5 17. Nf3 Rb8 18. Bh6 Ng7 19. Nh2 Bg5 20. Bxg5 Qxg5 21. Qd2 Qxd2
22. Nxd2 Bc6 23. Bf3 a5 24. Rfb1 Ne6 25. Bd1 f5 26. f3 h5 27. h4 Ra8 28. Rb2
Kg7 29. Rab1 Rh8 30. exf5 gxf5 31. g4 Nf4 32. gxf5 Nxd3 33. Rb3 Nf4 34. Rb7
Rhc8 35. Rxd7+ Bxd7 36. Rb7 Kf6 37. Ne4+ Kxf5 38. Rxd7 Rg8+ 39. Ng5 Rab8 40.
Bc2+ d3 41. Bxd3+ Nxd3 42. Rxd3 Rb1+ 43. Nf1 Ra1 44. Kf2 Rxa2+ 45. Kg3 Rxg5+
46. hxg5 Kxg5 47. Rd5 h4+ 48. Kh3 Kf4 49. Rxc5 a4 50. Ra5 a3 51. c5 Kxf3 52. c6
Rc2 53. Rxa3+ Kf4 54. Ra4+ e4 55. Ra8 Rxc6 56. Rf8+ Kg5 57. Rg8+ 1/2-1/2

[Event "Elit(Rockaden-Manhem)"]
[Site "?"]
[Date "2008.12.06"]
[Round "4"]
[White "Nithander, Victor"]
[Black "Hermansson, Emil"]
[Result "0-1"]
[WhiteElo "2436"]
[BlackElo "2469"]
[PlyCount "74"]
[SourceDate "2008.12.10"]

1. e4 e5 2. Nf3 Nc6 3. Bc4 Bc5 4. b4 Bxb4 5. c3 Bd6 6. O-O Nf6 7. d4 O-O 8. Bg5
h6 9. Bh4 Be7 10. Qe2 d6 11. Rd1 Bg4 12. h3 Bh5 13. d5 Na5 14. g4 Nxc4 15. gxh5
b5 16. Bxf6 Bxf6 17. Nbd2 Nb2 18. Rdc1 a6 19. Rab1 Na4 20. c4 Qd7 21. Kg2 Rfb8
22. cxb5 axb5 23. Rc6 Nc5 24. Rxb5 Ne6 25. Rxb8+ Rxb8 26. Kh2 Nf4 27. Qf1 Rb2
28. a3 Ra2 29. Rc3 Bd8 30. Nb1 c5 31. dxc6 Rxf2+ 32. Qxf2 Qxh3+ 33. Kg1 Bb6 34.
Nd4 Qg4+ 35. Rg3 Qd1+ 36. Kh2 Qxh5+ 37. Kg1 Bxd4 0-1

[Event "Elit(Rockaden-Manhem)"]
[Site "?"]
[Date "2008.12.06"]
[Round "4"]
[White "Barkhagen, Jonas"]
[Black "Andersson, Bjorn"]
[Result "1/2-1/2"]
[WhiteElo "2536"]
[BlackElo "2338"]
[PlyCount "72"]

1. d4 Nf6 2. c4 g6 3. Nc3 Bg7 4. e4 d6 5. Be2 O-O 6. Nf3 e5 7. O-O Nbd7 8. Qc2
c6 9. Rd1 Qc7 10. h3 Re8 11. Be3 exd4 12. Bxd4 Ne5 13. Nh2 Qe7 14. Re1 Bh6 15.
Bf1 a6 16. Rad1 b5 17. cxb5 axb5 18. a3 Rb8 19. b4 Nfd7 20. a4 bxa4 21. b5 Bb7
22. Qxa4 Nc5 23. Qc2 cxb5 24. Bxb5 Rec8 25. Qe2 Ne6 26. Bxe5 dxe5 27. Nd5 Bxd5
28. exd5 Nf4 29. Qf1 Rc5 30. Bc6 Rd8 31. Ng4 Bg7 32. Ne3 Qc7 33. g3 Ne6 34.
dxe6 Rxc6 35. Nd5 Rxd5 36. exf7+ Qxf7 1/2-1/2

[Event "Elit(Rockaden-Manhem)"]
[Site "?"]
[Date "2008.12.06"]
[Round "4"]
[White "Akesson, Joel"]
[Black "Bator, Robert"]
[Result "1-0"]
[WhiteElo "2366"]
[BlackElo "2455"]
[PlyCount "121"]

1. d4 d5 2. Nf3 Nf6 3. c4 c6 4. e3 Bf5 5. Nc3 e6 6. Nh4 Bg6 7. Nxg6 hxg6 8. g3
Nbd7 9. Bd2 Be7 10. b3 e5 11. cxd5 exd4 12. exd4 Nxd5 13. Nxd5 cxd5 14. Bg2 Nf6
15. O-O O-O 16. Re1 Re8 17. Bf4 Bb4 18. Rxe8+ Qxe8 19. Rc1 Rc8 20. Bh3 Rc6 21.
Rxc6 Qxc6 22. Qc1 Bc3 23. Be3 Ne4 24. Bg2 b5 25. Bxe4 dxe4 26. d5 Qc8 27. Bxa7
b4 28. Bd4 g5 29. a4 Qc7 30. Be3 f6 31. Qd1 Be5 32. Qg4 Qc2 33. d6 Qxb3 34. d7
Bc7 35. Qxe4 Qd1+ 36. Kg2 Qxd7 37. Qxb4 Qd5+ 38. Kf1 Qd1+ 39. Kg2 Qd5+ 40. f3
Qa2+ 41. Kf1 Qd5 42. Qe4 Qd1+ 43. Kg2 Be5 44. Bf2 Qa1 45. Qc4+ Kh8 46. Qb5 Bc3
47. Qc6 Kh7 48. Qe4+ Kh8 49. Qc2 Qa3 50. Bb6 g6 51. Bf2 Kg7 52. Qd3 Kh6 53. Qd7
f5 54. h4 Qb2 55. hxg5+ Kxg5 56. Qh7 Kf6 57. a5 Qc2 58. Qc7 g5 59. Qc6+ Ke5 60.
a6 Qb2 61. Qc5+ 1-0

[Event "Elit(Rockaden-Manhem)"]
[Site "?"]
[Date "2008.12.06"]
[Round "4"]
[White "Blomqvist, Erik"]
[Black "Welin, Mats"]
[Result "0-1"]
[WhiteElo "2474"]
[BlackElo "2302"]
[PlyCount "84"]

1. e4 e5 2. Nf3 Nc6 3. Bb5 a6 4. Ba4 Nf6 5. O-O Be7 6. Re1 b5 7. Bb3 d6 8. c3
O-O 9. h3 Na5 10. Bc2 c5 11. d4 Qc7 12. Nbd2 Nc6 13. d5 Nd8 14. a4 Rb8 15. axb5
axb5 16. b4 Ne8 17. Nf1 f6 18. Be3 Nf7 19. N3d2 g6 20. bxc5 dxc5 21. c4 Bd7 22.
Bd3 Ned6 23. cxb5 Bxb5 24. Bxb5 Rxb5 25. Qe2 Rb4 26. f3 Rc8 27. Rec1 c4 28. Ra7
Qd8 29. Ra2 c3 30. Nb1 Rbc4 31. Na3 Ra4 32. Nb1 Rxa2 33. Qxa2 Nb5 34. Ng3 Qc7
35. Rc2 Bb4 36. Ne2 Nfd6 37. Bf2 Qc4 38. Qxc4 Nxc4 39. Be1 Nd4 40. Nxd4 exd4
41. Rc1 Ne5 42. Bf2 Nd3 0-1

[Event "Elit(Rockaden-Manhem)"]
[Site "?"]
[Date "2008.12.06"]
[Round "4"]
[White "Kinnmark, Ove"]
[Black "Hedman, Erik"]
[Result "1/2-1/2"]
[WhiteElo "2256"]
[BlackElo "2410"]
[PlyCount "140"]

1. c4 c5 2. g3 Nc6 3. Bg2 g6 4. Nf3 Bg7 5. O-O e5 6. Nc3 d6 7. Ne1 Nge7 8. a3
a5 9. Nc2 O-O 10. d3 Be6 11. Ne3 Rb8 12. Ned5 Kh8 13. Bd2 f6 14. Rb1 Bg8 15. b4
axb4 16. axb4 b6 17. b5 Nxd5 18. Nxd5 Ne7 19. Nxe7 Qxe7 20. Ra1 e4 21. Qb3 f5
22. Bc3 Bxc3 23. Qxc3+ Qe5 24. Qc2 d5 25. cxd5 Bxd5 26. dxe4 fxe4 27. Rfd1 Ra8
28. Ra6 Rxa6 29. bxa6 Bc6 30. Qd2 Ra8 31. Qd6 Qxd6 32. Rxd6 Bb5 33. Rxb6 Bxe2
34. Bf1 Bd3 35. f3 Bxf1 36. Kxf1 exf3 37. Kf2 Kg7 38. Rc6 Kf7 39. Kxf3 Ke7 40.
Rxc5 Rxa6 41. Rc7+ Kf6 42. Rxh7 Ra3+ 43. Kg4 Ra4+ 44. Kh3 Kg5 45. Rb7 Kh5 46.
Rh7+ Kg5 47. Rf7 Ra2 48. Rf4 Rc2 49. Rd4 Ra2 50. Rd5+ Kf6 51. Rd3 Rc2 52. g4 g5
53. Kg3 Ra2 54. Rb3 Rc2 55. Rb6+ Kg7 56. h3 Rc3+ 57. Kg2 Rc2+ 58. Kf3 Rc3+ 59.
Ke4 Rxh3 60. Kf5 Rh6 61. Rb7+ Kg8 62. Kxg5 Ra6 63. Kh5 Rc6 64. g5 Ra6 65. g6
Ra5+ 66. Kh6 Ra8 67. Rg7+ Kh8 68. Re7 Kg8 69. Rg7+ Kh8 70. Re7 Kg8 1/2-1/2

[Event "Elit(Rockaden-Manhem)"]
[Site "?"]
[Date "2008.12.06"]
[Round "4"]
[White "Engqvist, Thomas"]
[Black "Moberg, Karl Johan"]
[Result "1/2-1/2"]
[WhiteElo "2434"]
[BlackElo "2308"]
[PlyCount "58"]

1. Nf3 Nf6 2. c4 g6 3. Nc3 d5 4. cxd5 Nxd5 5. Qa4+ Bd7 6. Qb3 Nb6 7. d4 Bg7 8.
Bg5 Be6 9. Qd1 c5 10. e3 Nc6 11. dxc5 Bxc3+ 12. bxc3 Qxd1+ 13. Kxd1 Na4 14. Kc2
Bf5+ 15. Bd3 Bxd3+ 16. Kxd3 Nxc5+ 17. Kc2 Rc8 18. Bh4 Ne4 19. Rhd1 f6 20. Nd2
Nc5 21. a4 Na5 22. f3 Kf7 23. e4 Rc6 24. Bf2 Rhc8 25. Ra3 b6 26. Bg1 Rd8 27.
Raa1 Rdc8 28. Ra3 Rd8 29. Raa1 Rdc8 1/2-1/2

[Event "Elit(Rockaden-Manhem)"]
[Site "?"]
[Date "2008.12.06"]
[Round "4"]
[White "Liljedahl, Lennart"]
[Black "Lissang, Christopher"]
[Result "0-1"]
[WhiteElo "2238"]
[BlackElo "2333"]
[PlyCount "155"]

1. d4 Nf6 2. Nf3 e6 3. Bf4 b5 4. e3 a6 5. a4 b4 6. Be2 Bb7 7. Nbd2 d5 8. c4 c5
9. cxd5 Nxd5 10. Bg3 Nc6 11. dxc5 Bxc5 12. Rc1 Be7 13. Ne4 O-O 14. Nc5 Bxc5 15.
Rxc5 Qe7 16. Rc1 Rfd8 17. Qc2 Rac8 18. Qb1 Na5 19. O-O Nb3 20. Rxc8 Rxc8 21.
Rd1 Nc5 22. a5 Nb3 23. e4 Nf6 24. Bd6 Qe8 25. e5 Nd5 26. Ng5 g6 27. Ne4 Qc6 28.
Bf3 Qc2 29. Nf6+ Kg7 30. Bxd5 exd5 31. Bxb4 d4 32. Ne8+ Kg8 33. Nd6 Qxb1 34.
Rxb1 Rb8 35. Rd1 Bxg2 36. Kxg2 Rxb4 37. Kf3 Nxa5 38. Rc1 Rxb2 39. Rc8+ Kg7 40.
Rc7 d3 41. e6 d2 42. Ke2 Nb3 43. Rxf7+ Kh6 44. Nc4 Nd4+ 45. Kd1 Rb1+ 46. Kxd2
Nxe6 47. Ne5 Rb5 48. Ng4+ Kg5 49. Ne3 h5 50. Ke2 h4 51. Ra7 Rb2+ 52. Kf3 Nc5
53. h3 Ra2 54. Re7 Nd3 55. Ng4 Ra5 56. Re4 Rf5+ 57. Ke3 Nf4 58. Ne5 Nxh3 59.
Nf3+ Kf6 60. Rxh4 Rh5 61. Ra4 a5 62. Nd2 Re5+ 63. Ne4+ Kf5 64. f3 Ng5 65. Rc4
Ne6 66. Kf2 Rd5 67. Ke3 Ke5 68. Nc3 Rc5 69. Re4+ Kf5 70. Kd3 Ng5 71. Re3 Re5
72. Rxe5+ Kxe5 73. Ke3 Ne6 74. Na4 g5 75. Nb6 Kf5 76. Na4 Nd8 77. Nc5 Nc6 78.
Na4 0-1

[Event "Elit(Rockaden-Manhem)"]
[Site "?"]
[Date "2008.12.06"]
[Round "4"]
[White "Livner, Anders"]
[Black "Fendrich, David"]
[Result "1-0"]
[WhiteElo "2404"]
[BlackElo "2284"]
[PlyCount "78"]

1. d4 Nf6 2. c4 c5 3. d5 b5 4. cxb5 a6 5. bxa6 g6 6. Nc3 Bxa6 7. g3 d6 8. Bg2
Bg7 9. Nf3 Nbd7 10. Rb1 Nb6 11. b3 Bb7 12. Nh4 O-O 13. O-O Ra7 14. a4 Ba6 15.
Qc2 Qc7 16. Rd1 Rb8 17. Bd2 Rab7 18. Be1 Nbd7 19. h3 Rb6 20. Na2 Qc8 21. f4 e6
22. a5 Rb5 23. dxe6 fxe6 24. Rxd6 Kf7 25. Rc6 Qb7 26. Rxe6 Qa7 27. Qc4 Kf8 28.
Qa4 Bb7 29. Qxb5 Bxg2 30. Qa6 Qxa6 31. Rxa6 Bxh3 32. Bc3 c4 33. b4 Ne4 34.
Bxg7+ Kxg7 35. Nf3 Ndf6 36. Ra7+ Kh6 37. Ng5 Nxg5 38. fxg5+ Kxg5 39. Nc3 Kg4
1-0

[Event "Elit(Limhamn-Västeras)"]
[Site "?"]
[Date "2008.12.07"]
[Round "5"]
[White "Akesson, Ralf"]
[Black "Schneider, Stefan"]
[Result "1-0"]
[WhiteElo "2541"]
[BlackElo "2451"]
[PlyCount "81"]
[SourceDate "2008.12.10"]

1. d4 d5 2. c4 c6 3. Nc3 Nf6 4. e3 a6 5. Qc2 g6 6. Bd3 Bg7 7. Nf3 O-O 8. O-O
Bg4 9. Ne5 Be6 10. c5 Nbd7 11. Nxd7 Nxd7 12. Bd2 b6 13. b4 a5 14. cxb6 axb4 15.
Na4 Nxb6 16. Nc5 Qc8 17. Bxb4 Bf5 18. Bxf5 gxf5 19. Nd3 Re8 20. a4 Nc4 21. a5
e6 22. Rfb1 Bf6 23. Nb2 Nxb2 24. Rxb2 Bd8 25. Qc3 Ra6 26. f3 Bc7 27. Qd3 Qa8
28. Bc3 Qa7 29. Kh1 Ra8 30. Rba2 c5 31. e4 c4 32. Qe3 Bd8 33. exd5 exd5 34.
Qe8+ Kg7 35. Qe5+ Bf6 36. Qxd5 Rd8 37. Qxc4 Bxd4 38. Rd2 Rad6 39. Rad1 f6 40.
Rxd4 Rxd4 41. Rxd4 1-0

[Event "Elit(Limhamn-Vasteras)"]
[Site "?"]
[Date "2008.12.07"]
[Round "5"]
[White "Brynell, Stellan"]
[Black "Sjodahl, Pontus"]
[Result "1-0"]
[WhiteElo "2573"]
[BlackElo "2494"]
[PlyCount "51"]

1. d4 Nf6 2. c4 e6 3. Nf3 b6 4. g3 Bb7 5. Bg2 Bb4+ 6. Bd2 a5 7. O-O O-O 8. Nc3
Na6 9. Rc1 Re8 10. Re1 d5 11. cxd5 exd5 12. a3 Bxc3 13. bxc3 Ne4 14. Bf4 Qe7
15. Qb3 Qe6 16. Ng5 Nxg5 17. Bxg5 Bc6 18. Bf4 b5 19. Qc2 Rac8 20. Rb1 h6 21.
Bf1 a4 22. e4 Rb8 23. e5 Bd7 24. Bd3 c6 25. f3 f5 26. exf6 1-0

[Event "Elit(Limhamn-Vasteras)"]
[Site "?"]
[Date "2008.12.07"]
[Round "5"]
[White "Norberg, Johan"]
[Black "Jepson, Christian"]
[Result "1/2-1/2"]
[WhiteElo "2386"]
[BlackElo "2444"]
[PlyCount "93"]

1. e4 e5 2. Nf3 Nc6 3. Nc3 Nf6 4. d4 exd4 5. Nxd4 Bb4 6. Nxc6 bxc6 7. Bd3 d5 8.
exd5 cxd5 9. O-O O-O 10. Bg5 c6 11. Qf3 h6 12. Bxf6 Qxf6 13. Qxf6 gxf6 14. Ne2
Bd6 15. Rad1 Rb8 16. b3 Bg4 17. f3 Be6 18. g4 Rfe8 19. Ng3 Be5 20. Kg2 a5 21.
h3 a4 22. f4 Bb2 23. Rf3 c5 24. Nh5 Kf8 25. Bf1 Bd7 26. c4 axb3 27. axb3 d4 28.
Nxf6 Bc6 29. Nxe8 Rxe8 30. Rdd3 Bc3 31. g5 Kg7 32. Kg3 hxg5 33. fxg5 Be1+ 34.
Kh2 Bxf3 35. Rxf3 Re3 36. Rxe3 dxe3 37. Kg2 Kg6 38. Kf3 Kxg5 39. Kxe3 Kh4 40.
Ke4 Bb4 41. Kf5 Ba3 42. Kf6 Bb4 43. Kxf7 Ba3 44. Ke6 Bb4 45. Kd5 Ba3 46. Kc6
Bb4 47. Kb5 1/2-1/2

[Event "Elit(Limhamn-Vasteras)"]
[Site "?"]
[Date "2008.12.07"]
[Round "5"]
[White "Ahlander, Bjorn"]
[Black "Eriksson, Anders"]
[Result "1-0"]
[WhiteElo "2530"]
[BlackElo "2370"]
[PlyCount "41"]

1. d4 Nf6 2. c4 e6 3. Nc3 Bb4 4. e3 c5 5. Bd3 d5 6. Nf3 cxd4 7. exd4 dxc4 8.
Bxc4 O-O 9. O-O Nbd7 10. Bg5 Bxc3 11. bxc3 Qc7 12. Bd3 Qxc3 13. Re1 Nd5 14. Qe2
N7b6 15. Rac1 Qa3 16. Rc5 Na4 17. Bc1 Qb4 18. Rc4 Qd6 19. Rxa4 Nc3 20. Bxh7+
Kh8 21. Qd3 1-0